000 01716cab a2200313 ab4500
005 20250828141811.0
008 991125c2016 mx qr p o 000 0 spa d
035 _aUPN01000235507
040 _aMX-MxUPN
_bspa
_cMX-MxUPN
_eaacr2
049 _aART-E
100 1 _aBerrios Martos, María del Pilar
_6- pberrios@ujaen.es
100 1 _aMartos Luque, Rafael
100 1 _aMartos Montes, Rafael
222 0 _aREVISTA PADRES Y MAESTROS
245 0 0 _aCrecer con emoción :
_buna experiencia educativa en el aula de emociones aplicando el programa "Emo-é"
_h[recurso electrónico en línea]
506 0 _aAcceso abierto
520 3 _aHoy por hoy no podemos ignorar que las emociones forman parte del ser humano, y que la educación emocional debe estar presente y explícitamente incluida en el currículo formal de los estudiantes. Por ello, el objetivo de este artículo es presentar un programa de entrenamiento estructurado para desarrollar la inteligencia emocional de los alumnos de Primaria. Se trata del programa “Emo-é”, y tiene como principal novedad la participación en algunas actividades de una mascota (perra) específicamente entrenada para interaccionar con niños. Padres y maestros
650 4 _aEducación emocional
_911882
650 7 _aInteligencia emocional
_91394
650 4 _aProgramas educativos
_95703
653 0 _aMascotas
653 0 _aEducación primaria
773 _gNo. 368, (2016), p. 36-42
_tRevista padres y maestros 
_x2255-1042
856 4 _uhttps://revistas.comillas.edu/index.php/padresymaestros/article/view/7520/7344
856 4 _uhttps://doi.org/10.14422/pym.i368.y2016.006
902 _aLeonor Sotres/280825
905 _aArticulo
942 _cART-E
999 _c207602
_d207602